000 00882nam a2200193 a 4500
001 000041032
005 20201002034551.0
008 130913s1986 sp 001 0 spa d
020 _a8400062434
040 _aDO-SdBNP
_bspa
_cBNPHU
100 1 _aRiera Melis, Antoni
_967515
245 1 3 _aLa corona de Aragon y el Reino de mallorca en el primer cuarto del siglo catorce :
_bLas repercucines arancelarias de la autonomía balear (1298-1311) /
_cAntoni Riera Melis.
260 _aMadrid :
_bConsejo Superior de Invesigaciones Científicas:
_bUnidad de Investigación de Historia Medieval,
_c1986.
300 _a359 p. :
_bil. ;
_c27 cm.
490 1 _aAnuarios de Estudios
_aanejo
_v14
504 _aIncluye referencias bibliográficas y notas al pie de las páginas
710 2 _aConsejo Superior de Invesigaciones Científicas
_967474
830 0 _aAnuarios de Estudios
_panejo
_n14
_967516
999 _c40522
_d40522